| 000 | 00528nam a2200157 i 4500 | ||
|---|---|---|---|
| 001 | 34734 | ||
| 003 | ES-MaACL | ||
| 005 | 20230906155003.0 | ||
| 007 | t| | ||
| 008 | 030207s1904 sp ||||1| spa d | ||
| 100 | 1 |
_aBonilla y San Martín, Adolfo, _d1875-1926 _930193 |
|
| 245 | 1 | 0 |
_aMás "diabluras" _b: comentario y notas a más notas y a más comentarios sobre un comentario y más notas / _cAdolfo Bonilla y San Martín. |
| 260 |
_aMadrid : _b[s.n., _c1904] |
||
| 852 |
_aES-MaACL _jT-1029-F-2 |
||
| 999 |
_c34734 _d34734 |
||